Представление документа в формате MARC21

Поле Инд. ПП Название Значение
Тип записи a
Библиографический уровень b
001 Контрольный номер RU/IS/BASE/484227293
005 Дата корректировки 20250403101523.5
008 Кодируемые данные 20150506
040 b Код языка каталог. rus
e Правила каталог. PSBO
041 0_ a Код языка текста rus
084 a Индекс другой классификации/Индекс ББК 65.291.2ц
100 1_ a Автор Демчук И.
245 10 a Заглавие Применение национальных стандартов в области менеджмента и управления рисками в целях достижения устойчивого успеха организации
504 a Библиография Библиогр.
520 a Аннотация Анализируется содержание новых национальных стандартов в области менеджмента и управления рисками в целях обеспечения устойчивого успеха организации, и предлагаются рекомендации по их использованию.
650 14 a Основная рубрика менеджмент (управление предприятием)
a Основная рубрика стандартизация
a Основная рубрика экономика
a Основная рубрика экономика предприятия
653 1_ a Ключевые слова государственные стандарты (ГОСТы)
a Ключевые слова конкурентоспособность предприятия
a Ключевые слова макроэкономические стандарты
a Ключевые слова менеджмент качества
a Ключевые слова национальные стандарты
a Ключевые слова оценка рисков
a Ключевые слова Россия
a Ключевые слова система стандартизации
a Ключевые слова системы управления рисками
a Ключевые слова техническое регулирование
a Ключевые слова управление рисками (риск-менеджмент)
a Ключевые слова устойчивое развитие предприятия
a Ключевые слова управление качеством
773 08 t Заглавие источника РИСК: ресурсы, информация, снабжение, конкуренция
d Дата издания источника 2013
g Прочая информация № 3. - С. 226 - 232 : табл.
w Контрольный № источника RU/IS/BASE/439917319
901 t Тип документа b